Normal view
MARC view
- Cohen, Stephen P.,
Entry Personal Name
001 - CONTROL NUMBER
- control field: 104851
003 - CONTROL NUMBER IDENTIFIER
- control field: NUST
005 - DATE AND TIME OF LATEST TRANSACTION
- control field: 20221214144508.0
008 - FIXED-LENGTH DATA ELEMENTS
- fixed length control field: 221214|| aca||aabn | a|a d
040 ## - CATALOGING SOURCE
- Original cataloging agency: NUST
- Transcribing agency: NUST
100 ## - HEADING--PERSONAL NAME
- Personal name: Cohen, Stephen P.,
- Dates associated with a name: 1936-
670 ## - SOURCE DATA FOUND
- Source citation: Work cat.: (NUST)0: Cohen, Stephen P., 1936- author., The South Asia papers :
